[Event "15th LCC Super Rapid 2025"]
[Site "London ENG"]
[Date "2025.12.06"]
[Round "2.11"]
[White "Willmoth, Robert F"]
[Black "Theodorou, Nikolas"]
[Result "0-1"]
[WhiteTitle "CM"]
[BlackTitle "GM"]
[WhiteElo "2130"]
[BlackElo "2656"]
[WhiteFideId "402540"]
[BlackFideId "4262875"]
[EventDate "2025.12.06"]

1. Nf3 Nf6 2. e3 g6 3. d4 Bg7 4. c4 O-O 5. Be2 d6 6. O-O e5 7. dxe5 dxe5 8. Qxd8
Rxd8 9. Nxe5 Ne4 10. Nd3 Na6 11. f3 Nec5 12. Nxc5 Nxc5 13. Na3 Nd3 14. Rd1 Bf5
15. Bxd3 Bxd3 16. Kf2 f5 17. h3 a6 18. Rd2 c5 19. Rd1 Kf7 20. g3 Bf6 21. h4 Ke6
22. Rd2 h6 23. Rd1 g5 24. hxg5 hxg5 25. e4 fxe4 26. fxe4 g4 27. Re1 Bd4+ 28. Kg2
b5 29. cxb5 axb5 30. Nb1 Rf8 0-1

[Event "15th LCC Super Rapid 2025"]
[Site "London ENG"]
[Date "2025.12.06"]
[Round "2.12"]
[White "Van Pel, Gerben"]
[Black "Jankovic, Alojzije"]
[Result "0-1"]
[BlackTitle "GM"]
[WhiteElo "1979"]
[BlackElo "2558"]
[WhiteFideId "1068423"]
[BlackFideId "14505959"]
[EventDate "2025.12.06"]

1. d4 Nf6 2. c4 d6 3. Nf3 g6 4. Nc3 Bg7 5. e4 O-O 6. Be2 Nbd7 7. O-O e5 8. d5
Nc5 9. Qc2 a5 10. b3 Bd7 11. Nd2 Bh6 12. a3 c6 13. Rb1 cxd5 14. cxd5 Qc7 15. Nc4
Bxc1 16. Rfxc1 Rfc8 17. f3 b5 18. Ne3 Qb6 19. Qd2 b4 20. axb4 axb4 21. Ncd1 Ra3
22. Kh1 Rxb3 23. Nc4 Qb8 24. Qa2 Rxb1 25. Rxb1 b3 26. Qa5 Bb5 27. Nde3 Nfd7 28.
Bd1 Bxc4 29. Nxc4 Nxe4 30. Rxb3 Qc7 31. Qxc7 Rxc7 32. fxe4 Rxc4 33. Re3 Rc1 34.
Re1 Nc5 35. Rg1 Nd3 36. Bf3 Nf2# 0-1

[Event "15th LCC Super Rapid 2025"]
[Site "London ENG"]
[Date "2025.12.06"]
[Round "2.13"]
[White "Ghasi, Ameet K"]
[Black "Zhang, Junyi"]
[Result "1-0"]
[WhiteTitle "GM"]
[WhiteElo "2500"]
[BlackElo "2118"]
[WhiteFideId "409200"]
[BlackFideId "494437"]
[EventDate "2025.12.06"]

1. Nf3 Nf6 2. g3 d5 3. Bg2 c5 4. O-O Nc6 5. d3 e5 6. Nbd2 Be7 7. e4 d4 8. Nc4
Nd7 9. a4 O-O 10. Bd2 b6 11. Bh3 Qc7 12. c3 Nf6 13. Bxc8 Raxc8 14. cxd4 exd4 15.
Qb3 Nd7 16. Bf4 Qd8 17. h4 a5 18. Rae1 Nb4 19. e5 Kh8 20. Ng5 Rc6 21. e6 fxe6
22. Nxe6 Rxe6 23. Rxe6 Nd5 24. Bd6 Rf6 25. Rfe1 Rxe6 26. Rxe6 Qg8 27. Rxe7 Nxe7
28. Bxe7 Qe6 29. Bg5 h6 30. Bf4 Kh7 31. Qd1 Nf6 32. Be5 Ng4 33. Qe2 1-0

[Event "15th LCC Super Rapid 2025"]
[Site "London ENG"]
[Date "2025.12.06"]
[Round "2.14"]
[White "Lebedev, Lion"]
[Black "Yuffa, Daniil"]
[Result "0-1"]
[BlackTitle "GM"]
[WhiteElo "2066"]
[BlackElo "2618"]
[WhiteFideId "551005492"]
[BlackFideId "24131423"]
[EventDate "2025.12.06"]

1. e4 c6 2. Nf3 d5 3. d3 Bg4 4. h3 Bh5 5. g4 Bg6 6. Qe2 e6 7. Bf4 Bd6 8. Bxd6
Qxd6 9. Nbd2 Ne7 10. Qe3 c5 11. e5 Qc7 12. Nh4 Nd7 13. f4 h6 14. Nxg6 fxg6 15.
O-O-O O-O-O 16. d4 cxd4 17. Qxd4 Nc6 18. Qe3 Rhf8 19. Bg2 Kb8 20. Kb1 Nb6 21.
Rhf1 Nb4 22. Qc3 Qxc3 23. bxc3 Nc6 24. c4 Ne7 25. cxd5 Nexd5 26. Bxd5 Nxd5 27.
Ne4 Rc8 28. Rf3 Rc4 29. Nd6 Rcxf4 30. Rxf4 Rxf4 31. Rd3 Rb4+ 32. Kc1 Nf4 33. Rf3
g5 34. c3 Ra4 35. Kb2 Ra5 36. Nc4 Rd5 37. Re3 Rd3 38. Rxd3 Nxd3+ 39. Kc2 Nf2 40.
Nd6 Nxh3 41. Ne8 Nf2 42. Nxg7 Nxg4 43. Nxe6 Nxe5 44. Kd2 Kc8 45. Ke3 Kd7 46. Nd4
Nf7 47. Ke4 Nd6+ 48. Kd5 h5 49. c4 h4 50. c5 h3 51. Nf3 Nf7 52. Nh2 Nh6 53. Ke5
Kc6 54. Kf6 g4 55. Nf1 Kd5 56. Kg5 Ke4 57. Kxh6 Kf3 58. Kg5 g3 59. Kh4 g2 60.
Nh2+ Kf4 0-1

[Event "15th LCC Super Rapid 2025"]
[Site "London ENG"]
[Date "2025.12.06"]
[Round "2.15"]
[White "Gordon, Stephen J"]
[Black "Sivanandan, Bodhana"]
[Result "1-0"]
[WhiteTitle "GM"]
[BlackTitle "WIM"]
[WhiteElo "2465"]
[BlackElo "2233"]
[WhiteFideId "411477"]
[BlackFideId "497592"]
[EventDate "2025.12.06"]

1. c4 c6 2. Nf3 Nf6 3. Nc3 d5 4. e3 e6 5. b3 Bd6 6. Bb2 Nbd7 7. Qc2 e5 8. cxd5
cxd5 9. Nb5 Bb8 10. Ba3 e4 11. Rc1 Nb6 12. Nfd4 Bd7 13. Nc7+ Bxc7 14. Qxc7 Qxc7
15. Rxc7 Rb8 16. Be2 Kd8 17. Rc5 Rc8 18. O-O Rxc5 19. Bxc5 Nc8 20. Rc1 Re8 21.
Nb5 b6 22. Ba3 Re6 23. Nd4 Re8 24. Ba6 Ne7 25. Bd6 Nf5 26. Nxf5 Bxf5 27. Rc7 Re6
28. Bg3 Re7 29. Rxe7 Kxe7 30. Bb8 Kd7 31. a4 Ne8 32. Bb5+ Ke7 33. Bxa7 Nd6 34.
Ba6 Bc8 35. Be2 b5 36. axb5 Bd7 37. Bc5 Ke6 38. b6 Nb7 39. Bf8 g6 40. g4 Bc8 41.
Kg2 Na5 42. Bd1 Ba6 43. Bb4 Nc6 44. Bc5 Ne5 45. Kg3 Kd7 46. b4 Bb5 47. Bb3 Kc6
48. b7 Nd7 49. Kf4 f6 50. g5 f5 51. h4 Ba6 52. Ba4+ Bb5 53. Bxb5+ Kxb5 54. Bd6 1-0

[Event "15th LCC Super Rapid 2025"]
[Site "London ENG"]
[Date "2025.12.06"]
[Round "2.16"]
[White "Kovalskyi, Roman"]
[Black "Kovchan, Alexander"]
[Result "1/2-1/2"]
[BlackTitle "GM"]
[WhiteElo "2208"]
[BlackElo "2440"]
[WhiteFideId "14184214"]
[BlackFideId "14103052"]
[EventDate "2025.12.06"]

1. e4 d6 2. d4 Nf6 3. Nc3 g6 4. Be3 Bg7 5. Qd2 a6 6. Bh6 Bxh6 7. Qxh6 e5 8. dxe5
dxe5 9. Rd1 Qe7 10. Nf3 Bg4 11. Bc4 Bxf3 12. gxf3 Nbd7 13. Bb3 O-O-O 14. Qg5 h6
15. Qe3 Kb8 16. O-O Nh5 17. Kh1 c6 18. Rg1 Nf4 19. Ne2 Nxe2 20. Qxe2 Nf6 21. Qc4
Rxd1 22. Rxd1 Rf8 23. Qd3 Nh5 24. Qd7 Qf6 25. Qd6+ Qxd6 26. Rxd6 Kc7 27. Rd2 f5
28. Kg2 Rf6 29. c3 fxe4 30. fxe4 Nf4+ 31. Kf3 b5 32. Ke3 c5 33. Bd1 c4 34. f3 a5
35. a4 b4 36. Be2 Rc6 37. Bf1 Kb6 38. Rd8 bxc3 39. bxc3 Kb7 40. Rd7+ Kb8 41.
Rd8+ Kc7 42. Ra8 Rc5 43. Re8 h5 44. Re7+ Kb6 45. Re8 Kc7 46. Re7+ Kd6 47. Ra7
Kc6 48. Re7 Kd6 49. Ra7 Ne6 50. Ra6+ Ke7 51. Bh3 Nf4 52. Bf1 Kd7 53. Ra8 Kc7 54.
Re8 Kd6 55. Rd8+ Kc7 56. Re8 Kd6 57. Rd8+ Kc7 1/2-1/2

[Event "15th LCC Super Rapid 2025"]
[Site "London ENG"]
[Date "2025.12.06"]
[Round "2.17"]
[White "Shetty, Atulya"]
[Black "Manole, Stefan"]
[Result "1-0"]
[WhiteTitle "IM"]
[WhiteElo "2455"]
[BlackElo "2086"]
[WhiteFideId "2031213"]
[BlackFideId "1203274"]
[EventDate "2025.12.06"]

1. c4 e5 2. g3 Nf6 3. Bg2 d5 4. cxd5 Nxd5 5. Nc3 Nb6 6. Nf3 Nc6 7. O-O Be6 8. d3
Be7 9. a3 O-O 10. b4 a5 11. b5 Nd4 12. Nd2 Nd5 13. Bxd5 Bxd5 14. e3 Be6 15. exd4
Qxd4 16. Bb2 Qxd3 17. Nf3 Qxd1 18. Rfxd1 f6 19. Kg2 Rad8 20. Rxd8 Rxd8 21. Rd1
Rxd1 22. Nxd1 Bc4 23. Nc3 Kf7 24. Nd2 Bd3 25. Kf3 Ke6 26. Ke3 Bc2 27. f3 b6 28.
Nde4 f5 29. Nf2 Bc5+ 30. Ke2 Bd4 31. Nfd1 g5 32. Kd2 Bb3 33. g4 Bc4 34. gxf5+
Kxf5 35. Ne3+ Bxe3+ 36. Kxe3 h5 37. Bc1 h4 38. Kf2 Bd3 39. Be3 Bc4 40. Bc1 Bb3
41. Bd2 Bc4 42. Be3 Bb3 43. h3 Bc4 44. Ne4 Bxb5 45. Bxg5 Bd3 46. Bd8 Bxe4 47.
fxe4+ Kxe4 48. Bxc7 Kd5 1-0

[Event "15th LCC Super Rapid 2025"]
[Site "London ENG"]
[Date "2025.12.06"]
[Round "2.18"]
[White "Nicholas, Koichi B"]
[Black "Iniyan, Pa"]
[Result "0-1"]
[BlackTitle "GM"]
[WhiteElo "2100"]
[BlackElo "2601"]
[WhiteFideId "409820"]
[BlackFideId "25002767"]
[EventDate "2025.12.06"]

1. e4 c5 2. Nf3 d6 3. d4 cxd4 4. Nxd4 Nf6 5. Nc3 a6 6. Be3 e6 7. f3 b5 8. Qd2
Bb7 9. O-O-O Nbd7 10. Kb1 Nb6 11. a3 Rc8 12. g4 Nfd7 13. g5 Ne5 14. Qf2 Rxc3 15.
bxc3 Na4 16. Ne2 d5 17. Bc1 Qc7 18. f4 Nc4 19. f5 Bxa3 20. fxe6 fxe6 21. exd5
Bxc1 22. Rxc1 Qe7 23. Qf4 e5 24. Qf5 Nd2+ 25. Ka1 Qa3# 0-1

[Event "15th LCC Super Rapid 2025"]
[Site "London ENG"]
[Date "2025.12.06"]
[Round "2.19"]
[White "Rozen, Eytan"]
[Black "Sadeghi, Hassan Roger"]
[Result "1-0"]
[WhiteTitle "IM"]
[BlackTitle "CM"]
[WhiteElo "2515"]
[BlackElo "2029"]
[WhiteFideId "2816750"]
[BlackFideId "1304712"]
[EventDate "2025.12.06"]

1. d4 Nf6 2. Nf3 c5 3. e3 d5 4. dxc5 e6 5. b4 a5 6. c3 b6 7. Bb5+ Bd7 8. Bxd7+
Qxd7 9. Ne5 Qc7 10. Qa4+ Nfd7 11. Nd3 Be7 12. cxb6 Qxb6 13. b5 O-O 14. Ba3 Bxa3
15. Nxa3 Qc7 16. Rc1 Nb6 17. Qb3 Rc8 18. O-O N8d7 19. Rfd1 Rab8 20. Nb2 Ne5 21.
Rd4 Nbc4 22. Naxc4 dxc4 23. Qa4 Qc5 24. Rcd1 h6 25. f4 Rxb5 26. Qc2 Nc6 27. Re4
Qf5 28. Nxc4 Rd5 29. Rxd5 1-0

[Event "15th LCC Super Rapid 2025"]
[Site "London ENG"]
[Date "2025.12.06"]
[Round "2.20"]
[White "White, Stuart A"]
[Black "Mikhalevski, Victor"]
[Result "0-1"]
[BlackTitle "GM"]
[WhiteElo "2059"]
[BlackElo "2504"]
[WhiteFideId "407747"]
[BlackFideId "2801914"]
[EventDate "2025.12.06"]

1. c4 Nf6 2. g3 e6 3. Bg2 d5 4. Nf3 d4 5. O-O c5 6. e3 Nc6 7. exd4 cxd4 8. d3
Bd6 9. Bg5 h6 10. Bxf6 Qxf6 11. Re1 O-O 12. Nbd2 Qe7 13. a3 a5 14. Nb3 Qf6 15.
c5 Bc7 16. Nbd2 e5 17. Nc4 Bg4 18. h3 Bh5 19. g4 Bg6 20. Qd2 a4 21. Re2 Na5 22.
Qc2 e4 23. dxe4 Nb3 24. Rd1 Rad8 25. Ne1 d3 26. Rxd3 Nd4 27. Qd1 Nxe2+ 28. Qxe2
Rxd3 29. Qxd3 Rd8 30. Qe2 Qd4 31. Qc2 Qxc5 32. Nd3 Qd4 33. Nb4 Qd1+ 0-1

[Event "15th LCC Super Rapid 2025"]
[Site "London ENG"]
[Date "2025.12.06"]
[Round "2.21"]
[White "Aghayev, Miragha"]
[Black "Golding, James"]
[Result "0-1"]
[WhiteTitle "IM"]
[WhiteElo "2430"]
[BlackElo "2169"]
[WhiteFideId "818070"]
[BlackFideId "427250"]
[EventDate "2025.12.06"]

1. e4 e5 2. Nf3 Nc6 3. Bc4 Bc5 4. d3 Nf6 5. O-O d6 6. c3 a5 7. Re1 O-O 8. h3 h6
9. Nbd2 a4 10. Bb5 Bd7 11. Nf1 Ne7 12. Bxd7 Qxd7 13. Ng3 b5 14. Nh4 Ng6 15. Nhf5
d5 16. Qf3 Ra6 17. Nh5 Nxh5 18. Qxh5 Rd8 19. Qg4 Bf8 20. Be3 Ne7 21. Nxe7+ Bxe7
22. Qh5 d4 23. cxd4 exd4 24. Bd2 c5 25. a3 c4 26. Rec1 Rc8 27. Rc2 c3 28. bxc3
dxc3 29. Rxc3 Rxc3 30. Bxc3 Qxd3 31. Qe5 Bf6 32. Qe8+ Kh7 33. Bxf6 Rxf6 34. e5
Rxf2 35. Kxf2 Qd4+ 36. Ke2 Qb2+ 37. Kd3 Qxa1 38. Qxf7 Qxe5 39. h4 Qg3+ 40. Kd4
Qxh4+ 41. Kc5 Qc4+ 42. Qxc4 bxc4 43. Kb4 c3 44. Kxc3 h5 45. Kb4 h4 46. Kxa4 g5
47. Kb4 g4 48. a4 h3 0-1

[Event "15th LCC Super Rapid 2025"]
[Site "London ENG"]
[Date "2025.12.06"]
[Round "2.22"]
[White "Yoon, Jacob D"]
[Black "Pranav, Anand"]
[Result "0-1"]
[WhiteTitle "CM"]
[BlackTitle "GM"]
[WhiteElo "2160"]
[BlackElo "2581"]
[WhiteFideId "446076"]
[BlackFideId "46626786"]
[EventDate "2025.12.06"]

1. d4 Nf6 2. Nc3 d5 3. Bf4 e6 4. Nb5 Na6 5. e3 Be7 6. Nf3 c6 7. Nc3 Qb6 8. a3
O-O 9. Bd3 c5 10. O-O c4 11. Be2 Qxb2 12. Qd2 Qb6 13. Rfb1 Qd8 14. Ne5 Nb8 15.
e4 Nc6 16. Bf3 dxe4 17. Nxc6 bxc6 18. Nxe4 Nd5 19. Be5 f6 20. Bf4 g5 21. Be3 f5
22. Nxg5 f4 23. Bxd5 fxe3 24. Qxe3 Bxg5 25. Bxe6+ Kh8 26. Qh3 Bxe6 27. Qxe6 Qxd4
28. Rf1 Rxf2 29. Rxf2 Qxa1+ 30. Rf1 Qd4+ 31. Kh1 Qd5 32. Qe1 Bh6 33. h3 Bg7 34.
Qe7 a5 35. Rf7 Qe5 36. Qh4 Rb8 37. Rf1 c3 38. Qc4 Qd5 39. Qf4 Rf8 40. Qc1 Qd2
41. Rxf8+ Bxf8 42. Qf1 Kg7 43. Qf5 Qe1+ 44. Kh2 Bd6+ 45. g3 Qxg3+ 46. Kh1 Qh2# 0-1

[Event "15th LCC Super Rapid 2025"]
[Site "London ENG"]
[Date "2025.12.06"]
[Round "2.23"]
[White "Aizenberg, Benny"]
[Black "Stojanas, Justinas"]
[Result "1-0"]
[WhiteTitle "IM"]
[WhiteElo "2444"]
[BlackElo "2086"]
[WhiteFideId "2821125"]
[BlackFideId "12802328"]
[EventDate "2025.12.06"]

1. e4 Nc6 2. Nf3 d5 3. exd5 Qxd5 4. Nc3 Qa5 5. d4 Bg4 6. Be2 O-O-O 7. Be3 e5 8.
Nxe5 Bxe2 9. Qxe2 Nxe5 10. dxe5 Qxe5 11. Nb5 Bc5 12. Bxc5 Qxc5 13. O-O a6 14.
Qg4+ Kb8 15. Nc3 Ne7 16. Rad1 Ng6 17. Rfe1 Rxd1 18. Qxd1 Qg5 19. Ne4 Qe5 20. Nc3
Qg5 21. Qf3 f6 22. Qd1 h5 23. Qd3 Ne5 24. Qe4 Nc6 25. h4 Qe5 26. Rd1 Qxe4 27.
Nxe4 Re8 28. f3 Kc8 29. Kf2 b6 30. Ng3 Re5 31. c3 a5 32. Rd2 g6 33. Ne2 Ne7 34.
Nf4 a4 35. Rd4 Rb5 36. Nd3 a3 37. bxa3 Rb1 38. Rb4 Rd1 39. Ke2 Ra1 40. Rb2 Nd5
41. c4 Nc3+ 42. Kd2 Nb1+ 43. Kc2 Nxa3+ 44. Kb3 Nb1 45. Rc2 Nd2+ 46. Rxd2 Rh1 47.
Nf4 Rxh4 48. Nxg6 Rh2 49. Kc3 h4 50. Nf4 Rh1 51. Kd3 Ra1 52. Nd5 Kd7 53. Nxf6+
Ke6 54. Nd5 Kf5 55. Nxc7 Kf4 56. Nd5+ Kg3 57. Ne3 Rh1 58. Ke4 Re1 59. Rb2 Rc1
60. Rxb6 Re1 61. Rb2 1-0

[Event "15th LCC Super Rapid 2025"]
[Site "London ENG"]
[Date "2025.12.06"]
[Round "2.24"]
[White "Murawski, Jan"]
[Black "Rendle, Thomas E"]
[Result "1-0"]
[WhiteTitle "CM"]
[BlackTitle "IM"]
[WhiteElo "2225"]
[BlackElo "2370"]
[WhiteFideId "21009287"]
[BlackFideId "408760"]
[EventDate "2025.12.06"]

1. d4 f5 2. c4 Nf6 3. Nc3 d6 4. g3 g6 5. Bg2 Bg7 6. d5 Na6 7. Nh3 Nc5 8. Nf4 e5
9. dxe6 c6 10. h4 Ng4 11. e4 Nxe6 12. O-O Nxf4 13. Bxf4 Be5 14. Bxe5 dxe5 15.
exf5 gxf5 16. Bh3 Qe7 17. Bxg4 fxg4 18. Re1 O-O 19. Qe2 Qf7 20. Ne4 Be6 21. b3
Rad8 22. Rad1 Rxd1 23. Rxd1 Bf5 24. Nd6 Qf6 25. Nxf5 Qxf5 26. Qe3 a6 27. Qg5+
Qxg5 28. hxg5 Kg7 29. Rd6 Rf5 30. Kf1 e4 31. Ke2 a5 32. Rd7+ Kg6 33. Rxb7 Rxg5
34. Rb6 Rc5 35. Ke3 Kf5 36. Kd4 Re5 37. Rxc6 Re7 38. Rc5+ Kf6 39. Rxa5 Kg6 40.
Re5 Rf7 41. Ke3 Rf3+ 42. Ke2 Rc3 43. Rxe4 Rc2+ 44. Ke3 Kf5 45. Rf4+ Kg5 46. Rd4
Rxa2 47. Rd5+ Kf6 48. Rb5 Rc2 49. c5 Rc3+ 50. Ke2 Rc2+ 51. Kf1 Ke5 52. b4 h5 53.
Kg2 Kd4 54. Rb6 Kd5 55. Rh6 Kc4 56. Rxh5 Kxb4 57. Rg5 Rc4 58. c6 Kc3 59. c7 Kd3
60. Rxg4 Rxc7 61. Ra4 Rf7 62. g4 Rh7 63. Kg3 Rh1 64. Kf4 Kc3 65. f3 Kd3 66. Re4
Rh8 67. Re7 Kd4 68. Rd7+ Kc5 69. Rd1 Rf8+ 70. Kg3 Kc4 71. g5 1-0

[Event "15th LCC Super Rapid 2025"]
[Site "London ENG"]
[Date "2025.12.06"]
[Round "2.25"]
[White "Tulchynskyi, Feliks"]
[Black "Allorant, Adrien"]
[Result "1-0"]
[WhiteTitle "IM"]
[WhiteElo "2409"]
[BlackElo "2068"]
[WhiteFideId "34127895"]
[BlackFideId "658707"]
[EventDate "2025.12.06"]

1. c4 Nf6 2. Nc3 g6 3. d4 Bg7 4. e4 d6 5. h3 O-O 6. Be3 c5 7. d5 e6 8. Nf3 exd5
9. cxd5 Re8 10. Nd2 Na6 11. Be2 Nc7 12. a4 Rb8 13. O-O b6 14. Qc2 a6 15. Nc4 b5
16. axb5 axb5 17. Na5 Bd7 18. Bf3 b4 19. Ne2 Bb5 20. Nc6 Bxc6 21. dxc6 Ne6 22.
Rfd1 Qc7 23. Qa4 Rec8 24. Nf4 Nxf4 25. Bxf4 Ne8 26. e5 dxe5 27. Rd7 exf4 28.
Rxc7 Nxc7 29. Qb3 Ne6 30. Ra7 Rc7 31. Qa2 Rbc8 32. Bd5 Nd4 33. Rxc7 Rxc7 34. Qa5
Be5 35. Qxc5 Kg7 36. Bxf7 Nf5 37. Qxe5+ 1-0

[Event "15th LCC Super Rapid 2025"]
[Site "London ENG"]
[Date "2025.12.06"]
[Round "2.26"]
[White "Vashisht-Pigem, Raman"]
[Black "Emms, John M"]
[Result "1-0"]
[BlackTitle "GM"]
[WhiteElo "2010"]
[BlackElo "2412"]
[WhiteFideId "469734"]
[BlackFideId "400254"]
[EventDate "2025.12.06"]

1. e4 e5 2. Nf3 Nc6 3. Bc4 Bc5 4. d3 Nf6 5. Nbd2 O-O 6. h3 d6 7. c3 a6 8. Bb3 h6
9. g4 Be6 10. g5 hxg5 11. Nxg5 Bxb3 12. axb3 d5 13. Qf3 Re8 14. h4 Qd7 15. Rg1
d4 16. c4 Nb4 17. Kd1 a5 18. h5 Be7 19. Nf1 b5 20. Ng3 Qg4 21. Qxg4 Nxg4 22. Ke2
bxc4 23. bxc4 Nh6 24. Nf3 Nc6 25. Bxh6 gxh6 26. Nf5+ Kh8 27. Nxh6 Rf8 28. Nf5
Bf6 29. h6 Nd8 30. Kd2 Ne6 31. Rg4 Rfb8 32. Kc2 a4 33. h7 Nf4 34. Nh6 Bg7 35.
Nxf7+ Kxh7 36. Rh1+ Kg8 37. N7xe5 Ne6 38. Nd7 a3 39. Nxb8 Rxb8 40. bxa3 Ra8 41.
Nh4 Rxa3 42. Nf5 Ra2+ 43. Kb3 Rxf2 44. Nxg7 Nxg7 45. Rhg1 Rf7 46. Kb4 1-0

[Event "15th LCC Super Rapid 2025"]
[Site "London ENG"]
[Date "2025.12.06"]
[Round "2.27"]
[White "Bazakutsa, Svyatoslav"]
[Black "Bryant, Harry"]
[Result "1-0"]
[WhiteTitle "IM"]
[BlackTitle "CM"]
[WhiteElo "2478"]
[BlackElo "2209"]
[WhiteFideId "14198525"]
[BlackFideId "489158"]
[EventDate "2025.12.06"]

1. c4 Nf6 2. Nc3 g6 3. e4 d6 4. d4 Bg7 5. h3 O-O 6. Be3 c5 7. Nf3 Qa5 8. Bd3
cxd4 9. Nxd4 Nc6 10. O-O Be6 11. Nb3 Qa6 12. Nd5 Qa4 13. Nd2 Qxd1 14. Raxd1 Nd7
15. b3 Nc5 16. Bb1 Bxd5 17. exd5 Nd4 18. Rfe1 Rfe8 19. Nf1 e5 20. dxe6 Rxe6 21.
Rd2 Nc6 22. Red1 Bf8 23. Bf4 Rae8 24. Ne3 Ne4 25. Bxe4 Rxe4 26. g3 h5 27. Kg2 h4
28. Nd5 Kg7 29. gxh4 Nb4 30. Be3 Nxd5 31. Rxd5 Rxh4 32. Bxa7 Rhe4 33. Rb5 Ra8
34. Rxb7 Re7 35. Bd4+ f6 36. Rxe7+ Bxe7 37. a4 Rb8 38. Rd3 Kf7 39. a5 Bd8 40. a6
Bb6 41. a7 Bxa7 42. Bxa7 Ra8 43. Be3 Ke6 44. Bf4 Ra6 45. h4 Rb6 46. Kf3 Ra6 47.
b4 Rc6 48. Rd4 Kf5 49. b5 Rc8 50. Rd5+ Ke6 51. Rxd6+ Ke7 52. Rc6 Rxc6 53. bxc6 1-0

[Event "15th LCC Super Rapid 2025"]
[Site "London ENG"]
[Date "2025.12.06"]
[Round "2.28"]
[White "Smith, Andrew Philip"]
[Black "Gasanov, Eldar"]
[Result "0-1"]
[WhiteTitle "FM"]
[BlackTitle "GM"]
[WhiteElo "2145"]
[BlackElo "2447"]
[WhiteFideId "2500833"]
[BlackFideId "14104466"]
[EventDate "2025.12.06"]

1. e4 c5 2. Nf3 Nc6 3. d4 cxd4 4. Nxd4 Nf6 5. Nc3 d6 6. Bg5 e6 7. Be2 Be7 8. O-O
O-O 9. Qd3 h6 10. Bd2 e5 11. Nb3 Be6 12. Qg3 Kh8 13. Be3 a5 14. Rad1 Qb8 15. a3
a4 16. Nc1 b5 17. Nd3 b4 18. axb4 Nxb4 19. Rd2 Rc8 20. Nxb4 Qxb4 0-1

[Event "15th LCC Super Rapid 2025"]
[Site "London ENG"]
[Date "2025.12.06"]
[Round "2.30"]
[White "Vaddadi, Seshagiri"]
[Black "Roebers, Eline"]
[Result "0-1"]
[BlackTitle "IM"]
[WhiteElo "1990"]
[BlackElo "2392"]
[WhiteFideId "411183"]
[BlackFideId "1058401"]
[EventDate "2025.12.06"]

1. e4 c5 2. Nf3 e6 3. d4 cxd4 4. Nxd4 Nc6 5. Nb5 d6 6. c4 Nf6 7. N1c3 a6 8. Na3
Be7 9. Be2 O-O 10. O-O b6 11. f4 Bb7 12. Bf3 Rc8 13. Be3 Na5 14. Qe2 Re8 15.
Rac1 Qc7 16. Rfd1 Nd7 17. Kh1 Qb8 18. Na4 Bc6 19. Nc3 Bb7 20. Na4 Bd8 21. Qf2
Nc5 22. Nxb6 Bxb6 23. b4 Nxe4 24. Bxe4 Bxe4 25. Bxb6 Nc6 26. b5 axb5 27. cxb5
Ne7 28. Nc4 Nf5 29. Ba7 Qxb5 30. Nxd6 Nxd6 0-1

[Event "15th LCC Super Rapid 2025"]
[Site "London ENG"]
[Date "2025.12.06"]
[Round "2.31"]
[White "Koschetzki, Christian"]
[Black "Bulmaga, Irina"]
[Result "0-1"]
[BlackTitle "IM"]
[WhiteElo "1980"]
[BlackElo "2386"]
[WhiteFideId "24691658"]
[BlackFideId "13903063"]
[EventDate "2025.12.06"]

1. c4 Nf6 2. Nf3 e6 3. d4 b6 4. g3 Bb7 5. Bg2 Be7 6. O-O O-O 7. Nc3 Ne4 8. Qc2
Nxc3 9. bxc3 f5 10. a4 Be4 11. Qd2 Nc6 12. Ne5 Bxg2 13. Kxg2 Na5 14. Qa2 d6 15.
Nd3 c5 16. Nf4 Qc8 17. d5 e5 18. Ne6 Rf6 19. e3 Rxe6 20. dxe6 Qxe6 21. Qe2 Nxc4
22. Rd1 d5 23. a5 b5 24. a6 Rd8 25. Rb1 Qxa6 26. Qf3 Qc6 27. Qxf5 a5 28. e4 d4
29. cxd4 cxd4 30. Bg5 Rf8 31. Qg4 Bxg5 32. Qxg5 Qxe4+ 33. Kg1 Qc2 34. f4 Ne3 0-1

[Event "15th LCC Super Rapid 2025"]
[Site "London ENG"]
[Date "2025.12.06"]
[Round "2.32"]
[White "Silva, Lourenco Santa Clara"]
[Black "Stefanova, Antoaneta"]
[Result "0-1"]
[BlackTitle "GM"]
[WhiteElo "1992"]
[BlackElo "2391"]
[WhiteFideId "1971344"]
[BlackFideId "2902257"]
[EventDate "2025.12.06"]

1. e4 c6 2. d4 d5 3. exd5 cxd5 4. Bd3 Nc6 5. c3 Qc7 6. Ne2 g6 7. Bf4 Qd8 8. O-O
Bg7 9. Nd2 Nf6 10. Ng3 h5 11. Re1 h4 12. Ngf1 h3 13. g3 Bg4 14. Nf3 O-O 15. N1d2
Nh5 16. Be3 f5 17. Bg5 Qd6 18. Be2 f4 19. Ne5 Bxe2 20. Qxe2 Nxe5 21. dxe5 Qe6
22. Kh1 Rad8 23. Nb3 fxg3 24. fxg3 Qb6 25. Nd4 Rde8 26. Rf1 Bh8 27. Qc2 Bxe5 28.
Bf6 Rxf6 0-1

[Event "15th LCC Super Rapid 2025"]
[Site "London ENG"]
[Date "2025.12.06"]
[Round "2.33"]
[White "Terler, Bohdan"]
[Black "Balaji, Aaravamudhan"]
[Result "0-1"]
[BlackTitle "IM"]
[WhiteElo "2082"]
[BlackElo "2305"]
[WhiteFideId "34102264"]
[BlackFideId "436224"]
[EventDate "2025.12.06"]

1. e4 b6 2. d4 Bb7 3. Bd3 d6 4. Nf3 Nd7 5. O-O g6 6. Qe2 Bg7 7. c3 e6 8. a4 a5
9. Bg5 Ne7 10. h4 Nf6 11. Nbd2 O-O 12. e5 dxe5 13. dxe5 Nfd5 14. Ne4 h6 15. Bd2
Nc6 16. Rad1 Nxe5 17. Nxe5 Bxe5 18. Nc5 Bh2+ 19. Kxh2 Qxh4+ 20. Kg1 bxc5 21. g3
Qh3 22. Be4 Rab8 23. Qf3 f5 24. Qh1 Qxh1+ 25. Bxh1 g5 26. Rfe1 Kf7 27. Re5 Rfd8
28. Rde1 Nb6 29. Bxb7 Rxb7 30. Bc1 Rd6 31. b3 Nd7 32. R5e3 Rxb3 33. c4 Rb4 34.
Rc3 Rd4 35. Be3 Rdxc4 36. Rd3 Ne5 37. Rd8 Nf3+ 0-1

[Event "15th LCC Super Rapid 2025"]
[Site "London ENG"]
[Date "2025.12.06"]
[Round "2.34"]
[White "Heaton, Paul"]
[Black "Camacho Collados, Jose"]
[Result "0-1"]
[BlackTitle "IM"]
[WhiteElo "1978"]
[BlackElo "2364"]
[WhiteFideId "411116"]
[BlackFideId "2265427"]
[EventDate "2025.12.06"]

1. c4 e6 2. Nc3 Bb4 3. g3 d5 4. Bg2 Nf6 5. e3 O-O 6. Nf3 dxc4 7. Ne5 Nc6 8. Nxc6
bxc6 9. Bxc6 Rb8 10. a3 Be7 11. O-O e5 12. Qe2 Bf5 13. e4 Bh3 14. Re1 Qd4 15.
Nd5 Nxd5 16. Bxd5 Be6 17. Bxe6 fxe6 18. Qe3 Bc5 19. Qxd4 Bxd4 20. Rf1 Rxf2 21.
Rxf2 Rf8 0-1